| 000 | 00866nam a2200277Ia 4500 | ||
|---|---|---|---|
| 001 | Para_8325 | ||
| 003 | CHAP | ||
| 008 | 220125s9999 xx 000 0 und d | ||
| 010 | _a205952 | ||
| 040 | _cCHAP | ||
| 082 | _aPA-C 595.752 A6 | ||
| 100 |
_aPatch, Edith M. _986145 |
||
| 245 |
_aElm leaf curl and woolly apple aphid / _c by Edith M. Patch |
||
| 260 |
_aOrono, Me. : _b University of Maine. Agricultural Experiment Station |
||
| 300 | _a236-258 p. | ||
| 440 |
_aAphidae; 11 Bulletin; 203 _9172105 |
||
| 500 | _aEncuadernado con otros impresos similares | ||
| 650 |
_a _x Afididos _x Colecciones de escritos _x Eriosoma lanigerum _x Olmo _x plagas _9172106 |
||
| 901 | _aPA-C 595.752 A6 | ||
| 902 | _aA | ||
| 905 | _a000000 0000000000 00 | ||
| 910 | _a | ||
| 942 | _cPARA | ||
| 942 |
_cPARA _d1 |
||
| 999 |
_c205952 _d205952 |
||